00571nam a2200169Ia 450000500170000000800410001702000260005804000190008404100120010308200150011524501300013026000330026030000150029365000470030870000360035585000100039120230208153733.0131103s9999 xx 000 0 und d a7-220-7309-8cP.B.G80 aLoreto College aEnglish a820.9bGRE 4aThe prose for Godb religious and anti - religious aspects of imaginative literature cEdited by Ian Gregor and Walter Stein aLondonbSheed and Wardc1973 aVii,169p.  aEnglish literature - History and criticism aGregor Ian and Stein Walter ed. aLCLIB